000 00626nam a22001817a 4500
003 OSt
005 20251105043659.0
008 251105b |||||||| |||| 00| 0 eng d
020 _a978-971-06-4964-8
040 _aDWCL - Main Lib
_cOC
082 _23rd
_aRes. 510 N338 2023
_bc3
100 _aManalo, Catalina B.
245 _aNext century mathematics 7 ;
_binto critical thingking and problem solving /
_cCatalina B. Manalo
260 _aQuezon city, Philippines :
_bPhoenix Publishing House,
_cc2023
300 _avii, 378 pages :
_billustrations ;
_c25cm.
650 _a1.Mathematics
942 _2ddc
_cBK-0 CIRC
_e3rd
_mRes.
_n0
999 _c5477
_d5477